00678nam a2200169 i 450000100060000000300090000600500170001500700030003200800410003510000360007624501640011226000440027630000200032085200260034099900170036695201250038337030ES-MaACL20230906155505.0t|030220s1902 fr ||||1| fre d1 aBrunetière, Ferdinand.93217310aVictor Hugo b: leçons faites a l'Ecole normale supérieure par les élèves de deuxième anne (Lettres) / csous la direction de Ferdinand Brunetière. a[Coulommiers] : bPaul Brodard, c1902. a2 v. ; c19 cm. aES-MaACLjF-8411-8412 c37030d37030 00104070aATENEOMbATENEOMcSPP2d2008-01-17eSCl0oF-8411-8412p1038959r2023-02-23 00:00:00w2023-02-23yMONOGRAFIA